| 000 | 00900nam a22002057a 4500 | ||
|---|---|---|---|
| 003 | OSt | ||
| 005 | 20151026133603.0 | ||
| 008 | 130715s2012 sp ||||| |||| 00| 0 spa d | ||
| 040 | _cCDMR | ||
| 100 | 1 |
_93941 _aDíaz Domínguez, Mari Paz _d1974- |
|
| 245 | 1 | 0 |
_aDe las gazetas a la prensa digital _b: dos siglos de periodismo escrito en Huelva (1810-2010) _cMari Paz Díaz Domínguez ; directora María Antonia Peña Guerrero _h[recurs electrònic] |
| 260 |
_c2012 _aHuelva |
||
| 502 |
_aTesi doctoral defensada el 17 de setembre de 2012 _cUniversidad de Huelva. Departamento de Historia II y Geografía |
||
| 650 | 0 | 4 |
_91130 _aPremsa _zHuelva _xHistòria |
| 650 | 0 | 4 |
_92994 _aTesis i dissertacions acadèmiques |
| 700 | 1 |
_93943 _aPeña Guerrero, María Antonia _edir. |
|
| 710 | 2 |
_93942 _aUniversidad de Huelva |
|
| 856 | 4 | 0 |
_uhttp://hdl.handle.net/10272/6435 _yDisponible en línia (UHU) |
| 942 |
_2udc _cTSN-E |
||
| 999 |
_c6592 _d6592 |
||